书目信息 |
| 题名: |
计算机常用工具软件
|
|
| 作者: | 丁爱萍 主编 | |
| 分册: | ||
| 出版信息: | 北京 电子工业出版社 2016.07 |
|
| 页数: | 231页 | |
| 开本: | 26cm | |
| 丛书名: | ||
| 单 册: | ||
| 中图分类: | TP311.561 , TP311.56 | |
| 科图分类: | ||
| 主题词: | 软件工具--教材 | |
| 电子资源: | ||
| ISBN: | 978-7-121-24832-0 | |
| 000 | 00993nam0 2200253 450 | |
| 001 | 106 | |
| 005 | 20180921110837.12 | |
| 010 | @a978-7-121-24832-0@dCNY29.80 | |
| 100 | @a20160907d2016 em y0chiy50 ea | |
| 101 | 0 | @achi |
| 102 | @aCN@b110000 | |
| 105 | @ay z 000yy | |
| 200 | 1 | @a计算机常用工具软件@9ji suan ji chang yong gong ju ruan jian@f丁爱萍主编 |
| 205 | @a4版 | |
| 210 | @a北京@c电子工业出版社@d2016.07 | |
| 215 | @a231页@d26cm | |
| 300 | @a动漫行业岗位技能系列教材 计算机动漫与游戏制作专业课程改革创新教材 | |
| 330 | @a本书从介绍计算机常用工具软件的基础知识(概念、分类、获取方式、安装方法)入手,选取介绍了目前最流行、最常用的各类工具软件,包括计算机安全防护工具、系统管理工具、即时通信工具、网络数据传输工具、云办公、图形图像工具、音频视频处理工具、文件管理工具、网上购物等。 | |
| 606 | 0 | @a软件工具@j教材 |
| 690 | @aTP311.561@v5 | |
| 690 | @aTP311.56@v4 | |
| 701 | 0 | @a丁爱萍@9ding ai ping@4主编 |
| 801 | 0 | @aCN@b91MARC@c20161118 |
| 905 | @aMuseLib@dTP311.56@e1241=4 | |
| 计算机常用工具软件/丁爱萍主编.-4版.-北京:电子工业出版社,2016.07 |
| 231页;26cm |
| 动漫行业岗位技能系列教材 计算机动漫与游戏制作专业课程改革创新教材 |
| ISBN 978-7-121-24832-0:CNY29.80 |
| 本书从介绍计算机常用工具软件的基础知识(概念、分类、获取方式、安装方法)入手,选取介绍了目前最流行、最常用的各类工具软件,包括计算机安全防护工具、系统管理工具、即时通信工具、网络数据传输工具、云办公、图形图像工具、音频视频处理工具、文件管理工具、网上购物等。 |
| ● |
| 相关链接 |
|
|
|
|
正题名:计算机常用工具软件
索取号:TP311.56/1241=4
 
预约/预借
| 序号 | 登录号 | 条形码 | 馆藏地/架位号 | 状态 | 备注 |
| 1 | 1118284 | 211182842 | 第二样本阅览室/ [索取号:TP311.56/1241=4] | 在馆 | |
| 2 | 1118285 | 211182851 | 第三借阅区/ [索取号:TP311.56/1241=4] | 在馆 | |
| 3 | 1118286 | 211182860 | 第三借阅区/ [索取号:TP311.56/1241=4] | 在馆 | |
| 4 | 1118287 | 211182879 | 第三借阅区/ [索取号:TP311.56/1241=4] | 在馆 | |
| 5 | 1118288 | 211182888 | 第三借阅区/ [索取号:TP311.56/1241=4] | 在馆 |